00295nam a22000977a 4500008004100000082001600041100000800057245010200065260002200167300000800189230621b xxu||||| |||| 00| 0 eng d a328.30bCPA cCPA a11th Commonwealth Parliamentary Conference of Members from Small CountriesbNew Delhi, India 1991 aLondonbCPAc1991 a63p